Dalle conferenze e dagli scritti della Madre Maestra (1955). (Record n. 31185)
[ formato base ]
| 000 -LEADER | |
|---|---|
| fixed length control field | 00794nam a2200193Ia 4500 |
| 003 - CONTROL NUMBER IDENTIFIER | |
| control field | IT-RoPAU |
| 005 - DATE AND TIME OF LATEST TRANSACTION | |
| control field | 20220918175818.0 |
| 008 - FIXED-LENGTH DATA ELEMENTS--GENERAL INFORMATION | |
| fixed length control field | 120407s9999 xx 000 0 und d |
| 040 ## - CATALOGING SOURCE | |
| Original cataloging agency | IT-RoPAU |
| Transcribing agency | 20140509154526.0 |
| 040 ## - CATALOGING SOURCE | |
| Transcribing agency | IT-RoPAU |
| 041 ## - LANGUAGE CODE | |
| Language code of text/sound track or separate title | ita |
| 100 ## - MAIN ENTRY--PERSONAL NAME | |
| Personal name | Madre Maestra |
| 9 (RLIN) | 24318 |
| 245 ## - TITLE STATEMENT | |
| Title | Dalle conferenze e dagli scritti della Madre Maestra (1955). |
| 260 ## - PUBLICATION, DISTRIBUTION, ETC. (IMPRINT) | |
| Date of publication, distribution, etc. | 1955 |
| Place of publication, distribution, etc. | Roma |
| Name of publisher, distributor, etc. | Casa Generalizia PDDM |
| 300 ## - PHYSICAL DESCRIPTION | |
| Extent | 275 p. |
| Dimensions | 15 cm |
| 520 ## - SUMMARY, ETC. | |
| Summary, etc. | Indice<br/><br/>Costituzioni<br/>Vita Religiosa<br/>Fedeltà alla vocazione<br/>Amore alla Congergazione<br/>Fede<br/>Speranza<br/>Carità<br/>Povertà<br/>Castità<br/>Obbedienza<br/>Vita Comune<br/>Umiltà<br/>Silenziosità<br/>Pietà<br/>Il Divin Maestro<br/>La Madonna<br/>San Paolo<br/>Anno Liturgico<br/>Apostolato Eucaristico<br/>Apostolato Liturgico<br/>Varie<br/>Dalle lettere<br/> |
| 942 ## - ADDED ENTRY ELEMENTS (KOHA) | |
| Koha item type | LIBRO |
| Source of classification or shelving scheme | Dewey Decimal Classification |
| Withdrawn status | Lost status | Source of classification or shelving scheme | Damaged status | Not for loan | Home library | Current library | Date acquired | Total Checkouts | Full call number | Date last seen | Price effective from | Koha item type |
|---|---|---|---|---|---|---|---|---|---|---|---|---|
| Dewey Decimal Classification | Buone Condizioni | Not For Loan | PAULUS-BIBLIOTECA | PAULUS-BIBLIOTECA | 11/04/2012 | P D5 | 11/04/2012 | 11/04/2012 | LIBRO |